|
|
|
|
| LEADER |
00000nam a2200000 a 4500 |
| 001 |
vtls011589062 |
| 003 |
SK-MaSNL |
| 005 |
20260301183038.0 |
| 008 |
251112 1899 au 000 0 ger |
| 015 |
|
|
|a SNBHFA1899
|
| 020 |
|
|
|q (viaz.)
|
| 035 |
|
|
|a urn:nbn:sk:snk-am00cryw
|
| 035 |
|
|
|a urn:nbn:sk:snk-am3hahh
|
| 035 |
|
|
|a CED72C43-91C6-408F-80DB-18B01CBD782B
|
| 040 |
|
|
|a SNKHFA
|b slo
|c SNK
|e AACR2
|
| 041 |
0 |
|
|a ger
|a lat
|
| 044 |
|
|
|a au
|c AT
|
| 072 |
|
7 |
|a 58
|x Botanika
|2 konspekt
|
| 080 |
|
|
|a 581
|2 2011
|
| 080 |
|
|
|a 582.28
|2 2011
|
| 100 |
1 |
|
|a Bubák, František,
|d 1866-1925
|4 aut
|9 346182
|
| 245 |
1 |
0 |
|a Ein kleiner Beitrag zur Pilzflora von Tirol
|c Von Fr. Bubák (Rovensko in Böhmen)
|
| 260 |
|
|
|a In Wien
|b Selbstverlag des Verfassers
|c 1899
|e Wien
|f Druck von Carl Gerold's Sohn
|
| 300 |
|
|
|a 3 s.
|c 23 cm
|
| 501 |
|
|
|a Príväzok 6. k: BUBÁK, Fr. O rezích, které cizopasí na některých Rubiaceích. V Praze: Král. Česká společnost náuk, 1898.
|5 SNK IC 143030
|
| 504 |
|
|
|a Literatúra pod textom
|
| 525 |
|
|
|a Separat-Abdruck a. d. "Oesterr. botan. Zeitschrift", Jahrg. 1899, Nr. 4
|
| 561 |
|
|
|a Okrúhla pečiatka: Museálna slovenská spoločnosť.
|5 SNK IC 143030
|
| 650 |
0 |
7 |
|a botanika
|2 SNKPH
|9 688
|
| 650 |
0 |
7 |
|a huby
|2 SNKPH
|9 3562
|
| 700 |
1 |
|
|a Kmeť, Andrej,
|d 1841-1908
|4 fmo
|9 191981
|
| 710 |
2 |
|
|a Carl Gerold's Sohn (Viedeň, Rakúsko)
|4 prt
|9 428845
|
| 752 |
|
|
|a Rakúsko
|d Viedeň
|
| 770 |
0 |
|
|a Oesterreichischen botanischen Zeitschrift
|
| 852 |
|
|
|a snk
|b Histoické fondy
|p IC 143030
|
| 958 |
|
|
|a ONDV
|
| 999 |
|
|
|c 855678
|d 857608
|
| 952 |
|
|
|t Kme X/848/a
|a SNK
|b SNK
|c SNK_HF
|y PREZ
|7 0
|p 17A1129330
|o snkIC 143030/prív.6
|i snk2016/25214
|8 5
|0 0
|1 0
|4 0
|d 2016-10-26
|f 1
|l 0
|r 2026-02-24 04:55:34
|w 2026-02-24
|